| 000 | 00950nam a22002177a 4500 | ||
|---|---|---|---|
| 999 |
_c65090 _d65090 |
||
| 005 | 20240530110806.0 | ||
| 008 | 190115s2017 ua a g 000 0 ara d | ||
| 017 |
_a2017/13028 _bمصر. دار الكتب |
||
| 020 | _a9789776518490 | ||
| 040 |
_aEG-CaGPL _cEG-CaGPL |
||
| 082 | 0 | 4 |
_221 _a745.449531 / _bت ت |
| 100 | 0 | _aتغريد هلال خميس السويلم | |
| 245 | 1 | 0 |
_aتوظيف الزخارف التقليدية السعودية فى اثراء مجال الصناعات الصغيرة : _bدراسة ميدانية للمنطقة الجنوبية فى المملكة العربية السعودية / _cاعداد تغريد هلال خميس السويلم |
| 250 | _aط.1 | ||
| 260 |
_aالقاهرة : _c2017. |
||
| 300 |
_a160 ص. : _bايض ؛ _c24 سم. |
||
| 650 | 0 | 7 |
_2qrmak _aالصناعات الصغيرة _zالسعودية |
| 650 | 0 | 7 | _aالزخارف |
| 942 |
_2ddc _cBK |
||